00393nam a2200157Ia 45000010006000000050017000060080041000230410008000640820018000721000017000902450070001072600009001773000033001866500008002196540008002271926420260306171731.0260306s9999||||xx |||||||||||||| ||und|| aESP a658.816bS749 aShy, OzeAUT 0aHow to price:ba guide to pricing techniques and yield management c2008 axiv, 433 páginas :c25 cm. aGEN aCAN